000 00303nam a2200121Ia 4500
008 180117s9999 xx 000 0 und d
100 _aby Lou Gopal
245 _aTake me Back To Ermita
260 _c2016
300 _a14-16 pages, 2016 January 24
440 _aPhilippine Panorama
650 _aERMITA
999 _c353336
_d353336